000 06227cam a22019454i 4500
003 PE-LiUPU
005 20250813165450.0
008 170719s2015 ag a rb 000 0 spa d
020 _a9875916293
020 _a9789875916296
035 _a(Sirsi) a237950
040 _aPE-LiUPU
_bspa
_cPE-LiUPU
_erda
049 _aPRUA
082 0 4 _a613.2
_bB27
_223
100 1 _aBatrouni, Lucia,
_eautor.
245 1 0 _aEvaluacion nutricional /
_cLucía Batrouni.
250 _a1° edición.
264 1 _aCórdoba :
_bBrujas,
_c2015.
300 _a180 páginas :
_bilustraciones ;
_c24 centímetros
336 _atext
_2rdacontent
337 _aunmediated
_2rdamedia
338 _avolume
_2rdacarrier
504 _aBibliografía : Al final de cada capítulo.
505 0 _aAlcance e importancia de la evauación nutricional -- Antropometría en la evaluación nutriicional -- Investigación alimentaria en la evaluación nutricional -- Procesamiento y análisis de datos alimentarios -- Estudios clínicos en la evaluación nutricional -- Estudios bioquímicos en la evaluación nutricional.
526 _aP203
526 _aP200
526 _aSEG65
526 _aSEG64
526 _aSEG63
526 _aSEG62
526 _aSEG61
526 _aSEG60
526 _aSEG59
526 _aSEG58
526 _aSEG57
526 _aSEG56
526 _aSEG55
526 _aSEG54
526 _aSEG53
526 _aSEG52
526 _aSEG51
526 _aSEG50
526 _aSEG49
526 _aSEG48
526 _aSEG47
526 _aSEG46
526 _aSEG24
526 _aSEG23
526 _aSEG22
526 _aSEG21
526 _aSEG20
526 _aSEG19
526 _aSEG18
526 _aSEG17
526 _aSEG16
526 _aSEG14
526 _aSEG13
526 _aSEG12
526 _aSEG11
526 _aSEG10
526 _aSEG09
526 _aSEG06
526 _aSEG05
526 _aSEG04
526 _aSEG03
526 _aSEG02
526 _aSEG68
526 _aSEG66
526 _aSEG45
526 _aSEG25
526 _aSEG01
526 _aP163
526 _aP162
526 _aP161
526 _aP160
526 _aP159
526 _aP158
526 _aP157
526 _aP156
526 _aP155
526 _aP154
526 _aP153
526 _aP152
526 _aP151
526 _aP150
526 _aP149
526 _aP142
526 _aP141
526 _aP140
526 _aP139
526 _aP138
526 _aP137
526 _aP132
526 _aP131
526 _aP130
526 _aP126
526 _aP125
526 _aP124
526 _aP123
526 _aP115
526 _aP122
526 _aP121
526 _aP116
526 _a P114
526 _aP112
526 _aP111
526 _aP104
526 _aP103
526 _aP102
526 _aP101
526 _aP100
526 _aP96
526 _aP95
526 _aP93
526 _aP92
526 _aP91
526 _aP88
526 _aP83
526 _aP82
526 _aP79
526 _aP78
526 _aP75
526 _aP74
526 _aP71
526 _aP69
526 _a P51
526 _aP49
526 _aP48
526 _aP47
526 _aP33
526 _aP31
526 _a P30
526 _aP29
526 _aP27
526 _aP26
526 _aP25
526 _aP24
526 _a P22
526 _aP10
526 _aP09
526 _a P08
526 _aP06
526 _aP05
526 _aP04
526 _aP01
541 _g001-003408;
650 0 4 _aNutrición.
_9394
650 0 4 _aAlimentación.
_94622
910 _ajck
_bncf
_cncf
_d20170719
942 _2ddc
_cBOOK
949 _a613.2 B27
_wDEWEY
_c1
_i76560
_lCCODEBUL1
_mBUL
_p21.22
_r0
_sY
_tBOOK
_u2017-07-19
_xSALUD
_PP31
_0COMPRA
_o.STAFF. Colección Ciencias de la Salud
949 _a613.2 B27
_wDEWEY
_c2
_i76561
_lCCODEBUL1
_mBUL
_p21.22
_r0
_sY
_tBOOK
_u2017-07-19
_xSALUD
_PP31
_0COMPRA
_o.STAFF. Colección Ciencias de la Salud
949 _a613.2 B27
_wDEWEY
_c3
_i76562
_lCCODEBUL1
_mBUL
_p21.22
_r0
_sY
_tBOOK
_u2017-07-19
_xSALUD
_PP31
_0COMPRA
_o.STAFF. Colección Ciencias de la Salud
596 _a1
999 _a613.2 B27
_wDEWEY
_c24657
_i76560
_d24657
_e2019-5-21
_f2021-11-4
_g4
_lCCODEBUL1
_mBUL
_n2
_p21.22
_q1
_r0
_sY
_tBOOK
_u2017-7-19
_xSALUD
_PP31
_0COMPRA
_o.STAFF. Colección Ciencias de la Salud
999 _a613.2 B27
_wDEWEY
_c2
_i76561
_d2018-4-11
_e2018-4-11
_f2021-11-4
_g4
_lCCODEBUL1
_mBUL
_n1
_p21.22
_q1
_r0
_sY
_tBOOK
_u2017-7-19
_xSALUD
_PP31
_0COMPRA
_o.STAFF. Ciencias de la Salud
999 _a613.2 B27
_wDEWEY
_c3
_i76562
_d2018-5-28
_e2018-5-11
_f2021-11-4
_g4
_lCCODEBUL1
_mBUL
_n1
_p21.22
_r0
_sY
_tBOOK
_u2017-7-19
_xSALUD
_PP31
_0COMPRA
_o.STAFF. Colección Ciencias de la Salud
999 _a613.2 B27
_wDEWEY
_c4
_i76687
_d2019-9-8
_e2019-6-13
_f2021-11-4
_g4
_lCCODEBUL1
_mBUL
_n4
_p48.13
_q2
_r0
_sY
_tBOOK
_u2017-8-8
_xSALUD
_PP31
_0COMPRA
_o.STAFF. Colección Ciencias de la Salud
999 _a613.2 B27
_wDEWEY
_c5
_i76688
_d2019-11-5
_e2019-10-31
_f2021-11-4
_g4
_lCCODEBUL1
_mBUL
_n2
_p48.13
_r0
_sY
_tBOOK
_u2017-8-8
_xSALUD
_PP31
_0COMPRA
_o.STAFF. Colección Ciencias de la Salud
999 _a613.2 B27
_wDEWEY
_c6
_i76689
_d2018-11-7
_e2018-10-30
_f2021-11-4
_g4
_lCCODEBUL1
_mBUL
_n2
_p48.13
_q1
_r0
_sY
_tBOOK
_u2017-8-8
_xSALUD
_PP31
_0COMPRA
_o.STAFF. Colección Ciencias de la Salud
999 _a613.2 B27
_wDEWEY
_c7
_i76690
_d2018-11-26
_e2018-3-11
_f2021-11-4
_g4
_lCCODEBUL1
_mBUL
_n4
_p48.13
_q3
_r0
_sY
_tBOOK
_u2017-8-8
_xSALUD
_PP31
_0COMPRA
_o.STAFF. Colección Ciencias de la Salud
999 _a613.2 B27
_wDEWEY
_c8
_i76691
_d2019-5-21
_e2019-4-17
_f2021-11-4
_g4
_lCCODEBUL1
_mBUL
_n2
_p48.13
_q2
_r0
_sY
_tBOOK
_u2017-8-8
_xSALUD
_PP31
_0COMPRA
_o.STAFF. Colección Ciencias de la Salud
999 _a613.2 B27
_wDEWEY
_c9
_i76692
_d2019-8-7
_e2017-10-10
_f2021-11-4
_g4
_lCCODEBUL1
_mBUL
_n2
_p48.13
_q4
_r0
_sY
_tBOOK
_u2017-8-8
_xSALUD
_PP31
_0COMPRA
_o.STAFF. Colección Ciencias de la Salud
980 _81
_gALBERTO SANCHEZ Responsable de Automatización